| 000 | 00899nam a22002057a 4500 | ||
|---|---|---|---|
| 999 |
_c11647 _d11647 |
||
| 003 | AR-CdUCM | ||
| 008 | 190404b ||||| |||| 00| 0 spa d | ||
| 040 |
_aMUNICIPALIDAD PROVINCIAL DEL CUSCO _cBIBLIOTECA MUNICIPAL DEL CUSCO |
||
| 041 | _hfre | ||
| 082 |
_a320.1 / _bM7 / 1822 |
||
| 100 |
_aDestutt de Tracy, Antoine _929108 |
||
| 245 | _aComentario sobre el espíritu de las leyes de Montesquieu / | ||
| 260 |
_aMadrid : _bImp.de D. Fermin Villalpando, _c1822. |
||
| 300 |
_a346 páginas ; _c17 cm. |
||
| 505 | _aContenido: De las leyes en general -- Delas leyes que se derivan directamente de la naturaleza del gobierno -- De los principios de los tres gobiernos -- que las leyes de la educación deben ser relativas al principio de gobierno ... | ||
| 650 |
_aespíritu de las leyes _929109 |
||
| 700 |
_aSalas, Ramón (traductor) _929110 |
||
| 942 |
_2ddc _cLIBROS |
||
| 945 |
_aacv _d04/04/2019 |
||